Doing business in Hargeisa 2012.
| Format: | Book |
|---|---|
| Published: |
Washington D.C.:
The World Bank,
2012.
|
| Subjects: |
| LEADER | 00453cam a2200145 7i4500 | ||
|---|---|---|---|
| 001 | 0000030485 | ||
| 005 | 20131028090000.0 | ||
| 090 | 0 | 0 | |a SOML 338.7 |b DOI |
| 245 | 0 | 0 | |a Doing business in Hargeisa 2012. |
| 260 | 0 | 0 | |a Washington D.C.: |b The World Bank, |c 2012. |
| 300 | # | # | |a 90 p. |
| 650 | 0 | 0 | |a Doing business -- |z Hargeisa, Somalia |
| 650 | 0 | 0 | |a Business -- |z Hargeisa, Somalia |
| 651 | 0 | 0 | |a Hargeisa, Somalia |
| 999 | |a 0000032525 |b Book |c Countries |e Business Information Centre | ||